| 000 | 01506nam a2200337 4500 | ||
|---|---|---|---|
| 001 | 0000031033 | ||
| 005 | 20250329170347.0 | ||
| 007 | ta | ||
| 008 | 160708s 000 0 eng d | ||
| 020 | _a9589683479 | ||
| 040 |
_aCO-CtgCURN _bspa _ccoctgcurn |
||
| 082 | 0 |
_a303.6 _bJ45d |
|
| 100 | 1 | _aJiménez Ocampo, Sandro. | |
| 245 | 1 | 0 |
_aDesplazados en la ciudad : _bentre el exilio interno y la busqueda de proyecto de vida / _cSandro Jiménez Ocampo. |
| 260 | 1 |
_aCartagena de Indias : : _bUniversidad San Buenaventura |
|
| 300 | _a123 p. | ||
| 490 | 1 | _v2 | |
| 490 | 1 | _aSerie Documentos | |
| 500 | _aEstudio de casos del proyecto de restablecimiento urbano revivir de los campos Cartagena. | ||
| 504 | _aBibliografia (p.103) | ||
| 505 | 8 | _aEl contexto de la guerra y el desplazamientos forzado en Colombia.--Fundamentos conceptuales sobre la identidad social.--Dinamicas sociales y escenas significativas del proceso de desplazamientos.--El asentamiento de los desplazados en un entorno urbano.--La producción de nuevas representaciones en la dinamica de restablecimiento urbano | |
| 650 | 1 | 4 | _aDerecho internacional humanitario. |
| 650 | 1 | 4 |
_aDerechos civiles _zColombia. |
| 650 | 1 | 4 |
_aViolencia _zColombia. |
| 650 | 1 | 4 |
_aConflicto armado _zColombia. |
| 710 | 2 | _aUniversidad San Buenaventura Cartagena. | |
| 730 | 0 | _aBolívar - Bibliografía regional. | |
| 908 | _a160708 | ||
| 942 |
_cCTG _h303.6 _iJ45d |
||
| 999 |
_c6531 _d6531 |
||